| 000 | 00710cam a2200241 4500 | ||
|---|---|---|---|
| 001 | J96519 | ||
| 008 | 090401t1999 xxu||||| |||| 00| 0 eng d | ||
| 035 | _a(Sirsi) u91166 | ||
| 041 | _aeng | ||
| 050 | _a332.6324 | ||
| 110 |
_aDTZ Debenham Thorpe _92895 |
||
| 245 | _aOverseas investment in the UK commercial property. - January 1999 | ||
| 260 |
_aLondon _bDTZ Debenham Thorpe _c1999 |
||
| 300 | _a(5)p. ; 30cm. | ||
| 350 | _a0 | ||
| 650 | _aPROPERTY-COMMERCIAL PROPERTY | ||
| 650 | _aFOREIGN INVESTMENT | ||
| 650 | _aOVERSEAS INVESTMENT | ||
| 650 | _aPROPERTY INVESTMENT | ||
| 690 | _aPROPERTY-COMMERCIAL PROPERTY-COMMERCIAL PROPERTY FINANCE AND INVESTMENT | ||
| 942 | _n0 | ||
| 948 | _c09/02/1999 | ||
| 999 |
_c97616 _d97616 |
||